Combustion Chamber design (Record no. 323913)

000 -LEADER
fixed length control field 00325 a2200133 4500
001 - CONTROL NUMBER
control field 88840
082 ## - DEWEY DECIMAL CLASSIFICATION NUMBER
Classification number PR 763
090 ## - LOCALLY ASSIGNED LC-TYPE CALL NUMBER (OCLC); LOCAL CALL NUMBER (RLIN)
-- 41981
-- 41981
100 ## - MAIN ENTRY--PERSONAL NAME
Personal name Jamshed Mearan
245 ## - TITLE STATEMENT
Title Combustion Chamber design
260 ## - PUBLICATION, DISTRIBUTION, ETC.
Place of publication, distribution, etc. Karachi
Name of publisher, distributor, etc. University of Karachi
Date of publication, distribution, etc. 1980
300 ## - PHYSICAL DESCRIPTION
Extent 90p.
Accompanying material Khalid Pervez
500 ## - GENERAL NOTE
General note BE Project Report
942 ## - ADDED ENTRY ELEMENTS (KOHA)
Institution code [OBSOLETE] CAE NUST
Call number prefix PR 763
Holdings
Withdrawn status Lost status Damaged status Not for loan Collection code Permanent Location Current Location Date acquired Total Checkouts Full call number Barcode Date last seen Price effective from Koha item type
          College of Aeronautical Engineering (CAE) College of Aeronautical Engineering (CAE) 04/03/2017   PR 763 CAEPR-763 04/05/2017 04/05/2017 Book
© 2023 Central Library, National University of Sciences and Technology. All Rights Reserved.